War against the taliban : (Record no. 15860)
[ view plain ]
| 000 -LEADER | |
|---|---|
| fixed length control field | 00908nam a2200265 a 4500 |
| 001 - CONTROL NUMBER | |
| control field | ASIN1408809052 |
| 005 - DATE AND TIME OF LATEST TRANSACTION | |
| control field | 20170105102927.0 |
| 008 - FIXED-LENGTH DATA ELEMENTS--GENERAL INFORMATION | |
| fixed length control field | 131212s2012 xxu eng d |
| 020 ## - INTERNATIONAL STANDARD BOOK NUMBER | |
| International Standard Book Number | 1408809052 (hardcover) |
| Terms of availability | $42.00 |
| 020 ## - INTERNATIONAL STANDARD BOOK NUMBER | |
| International Standard Book Number | 9781408809051 (hardcover) |
| 040 ## - CATALOGING SOURCE | |
| Original cataloging agency | 0 |
| 050 04 - LIBRARY OF CONGRESS CALL NUMBER | |
| Classification number | DS371.412 |
| 082 04 - DEWEY DECIMAL CLASSIFICATION NUMBER | |
| Classification number | 958.1047 |
| Author Mark | GAL 2012 |
| 100 1# - MAIN ENTRY--PERSONAL NAME | |
| Personal name | Gall, Sandy. |
| 245 10 - TITLE STATEMENT | |
| Title | War against the taliban : |
| Remainder of title | why it all went wrong in afghanistan / |
| Statement of responsibility, etc. | Sandy Gall. |
| 260 ## - PUBLICATION, DISTRIBUTION, ETC. | |
| Place of publication, distribution, etc. | [S.l.] : |
| Name of publisher, distributor, etc. | Bloomsbury USA, |
| Date of publication, distribution, etc. | 2012. |
| 300 ## - PHYSICAL DESCRIPTION | |
| Extent | 385 p. ; |
| Dimensions | 25 cm. |
| 520 ## - SUMMARY, ETC. | |
| Summary, etc. | A comprehensive analysis of the current Afghanistan War by bestselling writer and legendary war reporter Sandy Gall. |
| 650 #0 - SUBJECT ADDED ENTRY--TOPICAL TERM | |
| Topical term or geographic name entry element | Afghan War (2001-) |
| 650 #0 - SUBJECT ADDED ENTRY--TOPICAL TERM | |
| Topical term or geographic name entry element | Afghanistan |
| 650 #0 - SUBJECT ADDED ENTRY--TOPICAL TERM | |
| Topical term or geographic name entry element | Political science |
| 650 #0 - SUBJECT ADDED ENTRY--TOPICAL TERM | |
| Topical term or geographic name entry element | Taliban |
| 856 40 - ELECTRONIC LOCATION AND ACCESS | |
| Materials specified | Amazon.com |
| Uniform Resource Identifier | <a href="http://www.amazon.com/exec/obidos/ASIN/1408809052/chopaconline-20">http://www.amazon.com/exec/obidos/ASIN/1408809052/chopaconline-20</a> |
| 942 ## - ADDED ENTRY ELEMENTS (KOHA) | |
| Source of classification or shelving scheme | |
| Koha item type | Book |
| Withdrawn status | Lost status | Damaged status | Not for loan | Collection code | Permanent Location | Current Location | Shelving location | Date acquired | Total Checkouts | Full call number | Barcode | Date last seen | Price effective from | Koha item type |
|---|---|---|---|---|---|---|---|---|---|---|---|---|---|---|
| Centre for International Peace & Stability (CIPS) | Centre for International Peace & Stability (CIPS) | General Stacks | 10/02/2013 | 958.1047 GAL 2012 | CIPS0002191 | 12/12/2013 | 12/12/2013 | Book |
